Coping with global environmental change, disasters and security : (Registro nro. 8092)
[ vista simple ]
| 000 -CABECERA | |
|---|---|
| Campo de control | 02372nam a22002657a 4500 |
| 005 - FECHA Y HORA DE LA ULTIMA TRANSACCION | |
| Campo de control | 20141118102703.0 |
| 008 - ELEMENTOS DE LONGITUD FIJA—INFORMACION GENERAL | |
| Campo de control | 140115b2011 gw il. fr|||| |00 0 spa d |
| 020 ## - ISBN | |
| ISBN | 9783642177767 |
| 040 ## - FUENTE DE CATALOGACIÓN | |
| Agencia transcriptora | CO-Bo-IH |
| 041 ## - IDIOMA | |
| Código de idioma para texto/pista de sonido o título separado | Inglés |
| 044 ## - PAÍS DE PUBLICACIÓN | |
| País de publicación | Alemania |
| 082 00 - NUMERO DE CLASIFICACION DECIMAL DEWEY | |
| Número de clasificación | 363.7 |
| Número del ítem | C78c |
| 245 00 - MENCION DE TITULO | |
| Título | Coping with global environmental change, disasters and security : |
| Parte restante del título | threats, challenges, vulnerabilities and risks / |
| Mención de responsabilidad | Hans Günter Brauch ... [et al.], editors ; with forewords by Achim Steiner ... [et al.] ; with preface essays by Paul C. Crutzen ... [et al.]. |
| 260 ## - PUBLICACION, DISTRIBUCION, ETC. (PIE DE IMPRENTA) | |
| Lugar de publicación, distribución, etc. | Berlin |
| -- | Nueva York |
| Nombre del editor, distribuidor, etc. | Springer |
| Fecha de publicación, distribución, etc. | c2011. |
| 300 ## - DESCRIPCION FISICA | |
| Extensión | 1815 p |
| Otros detalles físicos | il., mapas |
| Dimensiones | 28 cm. |
| 490 1# - MENCION DE SERIE | |
| Mención de serie | Hexagon series on human and environmental security and peace. |
| Designación numérica/secuencial del volumen | v |
| 500 ## - NOTA GENERAL | |
| Nota general | 184 figuras, 78 tablas y 38 cuadros |
| 500 ## - NOTA GENERAL | |
| Nota general | Handbook. |
| 504 ## - NOTA DE BIBLIOGRAFIA, ETC. | |
| Nota de bibliografía | Incluye referencias bibliográficas (p. 1521- 1709) e índice. |
| 505 2# - NOTA DE CONTENIDO | |
| Nota de contenido | Securitization of global environmental change -- Economic, social, environmental security and human threats, challenges, vulnerabilities and risks in the Near East, North and Sub-Saharan Africa and in Asia -- Threats, challenges, vulnerabilities and risks for urban centres in hazards and disasters -- Coping with global environmental changes : climate change, soil and desertification, water management, food and health -- Climate change -- Soil and desertification -- Water management -- Coping with food security issues -- Coping with health security issues -- Coping with hazards and strategies for coping with social vulnerability and resilience building -- Coping with global environmental change : scientific, international , regional and national political strategies, policies and measures -- Scientific research goals and strategies for coping with global environmental change -- Global strategies, policies and measures for coping with climate change -- Regional strategies, policies and measures for coping with climate change -- National strategies, policies and measures for coping with climate change -- A technical tool : remote sensing, vulnerability mapping and indicators of environmental security challenges and risks -- Towards an improved early warning of conflicts and hazards. |
| 650 #0 - ASIENTO SECUNDARIO DE MATERIA - TERMINO TEMATICO | |
| Término temático o nombre geográfico como elemento de entrada | Global environmental change |
| 700 1# - ASIENTO SECUNDARIO - NOMBRE PERSONAL | |
| Nombre personal | Brauch, Hans Günter |
| Fechas asociadas con el nombre | 1947 - |
| Término de relación | ed |
| 700 1# - ASIENTO SECUNDARIO - NOMBRE PERSONAL | |
| Nombre personal | Oswald Spring, Ursula |
| Término de relación | ed |
| 942 ## - ELEMENTOS ADICIONALES (KOHA) | |
| Sistema de clasificación | Dewey Decimal Classification |
| Tipo de ítem | Libro |
| Withdrawn status | Lost status | Sistema de Clasificación | Damaged status | No para préstamo | Colección | Inventariado | Ubicación Permanente | Ubicación actual | Fecha de adquisición | Fuente de Valor | Valor | Total Checkouts | Número topográfico | Inventario / Código de Barras | Date last seen | Ejemplar | Price effective from | Forma de adquisición | Tipo de material |
|---|---|---|---|---|---|---|---|---|---|---|---|---|---|---|---|---|---|---|---|
| Dewey Decimal Classification | General | Inventariado 2017 | Bogotá | Bogotá | 15/01/2014 | Instituto | 39000.00 | LB-363.7 C78c | 059661 | 15/01/2014 | Ej. 1 | 15/01/2014 | Compra | Libro |